000 01169nam a2200229Ia 4500
003 Ost
005 20260507075208.0
008 260507s9999||||xx |||||||||||||| ||und||
040 _cfsecg
041 _aara
082 _a330
100 _aالطويل، رواء زكي يونس
_eمؤلف
245 0 _aمخاطر الأمن المائي العربي و خيارات التنمية المائية للقرن الحادي عشرين /
_c رواء زكي يونس الطويل
260 _aعنات:
_bدار زهران,
_c2009
300 _a128 صفحة؛
_c24 سم
504 _aمراجع ص.122
520 _aأهمية الامن المائي العربي و أثره على الامن الغذائي العربي و التبعية الاقتصادية و الغذائية و بالتالي مخاطره على الامن القومي العربي ، بيان أهمية تنمية الموارد المائية الحالية و التنبيه لخطورة التصحر .
653 _aالامن الغذائي
653 _aالأمن القومي- البلدان العربية
653 _aالتبعية الإقتصادية
942 _cكتاب
999 _c43445
_d43445